01739cam a22003374a 4500999001700000001000900017003000400026005001700030008004100047010001700088016001800105020003900123020003600162035002400198040007000222042000800292050002400300082001900324100002300343245011500366260006000481300006400541504006400605505041000669600006601079650002001145650002901165906004501194942003601239952012601275 c23640d2364016224076OSt20170127082843.0100407s2010 iluaf b 001 0 eng c a 20100149877 a0157020362Uk a9780810126176 (cloth : alk. paper) a0810126176 (cloth : alk. paper) a(OCoLC)ocn468973726 aIEN/DLCcDLCdBTCTAdYDXCPdINUdCDXdBWXdGZMdERASAdUKMGBdDLC apcc00aN6999.R43bF75 201000a745.6709472221 aFriedman, Julia P.10aBeyond symbolism and surrealism :bAlexei Remizov's synthetic art /cJulia Friedman ; foreword by Avril Pyman. aEvanston, Ill. :bNorthwestern University Press,c2010. axxxi, 234 p., 15 p. of plates :bill. (some col.) ;c27 cm. aIncludes bibliographical references (p. 217-225) and index.0 aThe lure of the margin -- A modernist scribe? Remizov's illustrated albums as avant-garde books -- Revisiting the symbolist past : synesthesia and synthesis in Maroun -- Solomoniia : from pious to lubricious -- Solomoniia : the tale of a reluctant wife -- Shamanism and the missing text -- Conclusion : the journey of a "writer-draftsman" -- Appendix : catalog of the extant albums in private collections.10aRemizov, Alekseĭ,d1877-1957xCriticism and interpretation. 0aModernism (Art) 0aSymbolism (Art movement) a7bcbccorignewd1eecipf20gy-gencatlg 2lcccBOOKShN 6999 .R43F75 2010 00102lcc4070aMUCbMUCcTECHd2017-01-27eDonation (BFA)l0oN 6999 .R43F75 2010p32470r2018-07-06w2017-01-27yBOOKS